First 20 Digits of Pi - Statistics

General Stats
  • This quiz has been taken 170 times
  • The average score is 19 of 20
Answer Stats
Digit % Correct
3.
100%
1
97%
1
97%
4
97%
5
96%
9
96%
2
94%
3
94%
5
94%
6
94%
5
92%
8
92%
9
92%
2
90%
3
90%
3
90%
4
90%
7
90%
8
90%
9
90%
No matching quizzes found
Score Distribution
Percent of People with Each Score
Percentile by Number Answered
Your Score History
You have not taken this quiz